logo

Bir Sreshtho Munshi Abdur Rouf Library
Jhenaidah Cadet College

Wooden Structures / (Record no. 9163)

MARC details
000 -LEADER
fixed length control field 00535nam a2200217 a 4500
001 - CONTROL NUMBER
JCCL Control Number 9163
003 - CONTROL NUMBER IDENTIFIER
JCCL marc code BD-JhCC
005 - DATE AND TIME OF LATEST TRANSACTION
control field 20180310122254.0
008 - FIXED-LENGTH DATA ELEMENTS--GENERAL INFORMATION
fixed length control field 180310s1967 r a|||| || | 001 0 eng d
035 ## - SYSTEM CONTROL NUMBER
system control number (BD-JhCC)9163
040 ## - CATALOGING SOURCE
Original cataloging agency BD-JhCC
Modifying agency BD-JhCC
041 ## - LANGUAGE CODE
Language code of Book eng
082 ## - DEWEY DECIMAL CLASSIFICATION NUMBER
Classification number 624.184
Author mark and Year GOO 1967
100 ## - MAIN ENTRY--PERSONAL NAME
Personal name Goodman, W. L.
245 ## - TITLE STATEMENT
Title Wooden Structures /
Statement of responsibility, etc W. L. Goodman,
260 ## - PUBLICATION, DISTRIBUTION, ETC. (IMPRINT)
Place of publication, distribution, etc Moscow :
Name of publisher, distributor, etc Mir Publishers,
Date of publication, distribution, etc 1967
300 ## - PHYSICAL DESCRIPTION
Pagination 638 p. :
Dimensions 22 cm.
650 ## - SUBJECT ADDED ENTRY--TOPICAL TERM
Topical term or geographic name as entry element Building, Wooden
942 ## - ADDED ENTRY ELEMENTS (KOHA)
Source of classification or shelving scheme Dewey Decimal Classification
Koha item type Books
Holdings
Source of classification or shelving scheme Damaged status Not for loan Home library Current library Shelving location Date of accession Total Checkouts Full call number Barcode Date last seen Copy number Koha item type
Dewey Decimal Classification     JCC Rouf Library JCC Rouf Library General Stacks 03/10/2018   624.184 GOO 1967 11137 03/10/2018 C-1 Books

JCC Library | Contacts | JCC Home

Last Update on 23 September 2017
Copyright @ 2017-2020 JCC Rouf Library
Rouf Library, Jhenidah Cadet College (JCC), Bangladesh